000 00617cam a2200253 4500
001 J2957
008 090401t1995 xxu||||| |||| 00| 0 eng d
035 _a(Sirsi) u52213
041 _aeng
050 _a333.33709421
110 _aGrimley
_92421
245 _aCentral London commentary. - Spring 1995 - Autumn 1995
260 _aLondon
_bGrimley
_c1995
300 _a2pt. ; 30cm.
350 _a0
650 _aCITY OF LONDON
650 _aHOLBORN
650 _aOFFICES
650 _aRENT
650 _aWEST END OF LONDON
690 _aPROPERTY-COMMERCIAL PROPERTY
942 _n0
948 _c04/03/1997
999 _c93004
_d93004